1374 1955 1573 1846 1291 1242 1028 1136 1217 1429 1674 1714 1009 1462 1442 1888 1186 1486 1597 1321 1549 1079 1968 1146 1381 1792 1266 1831 1904 1390 1945 1162 1119 1891 1981 1605 1775 1106 1901 1928 1827 1336 1224 1370 1460 1474 1038 1537 1284 1875 1639 1795 1165 1155 1153 1347 1802 1073 1851 1153 1203 1717 1263 1400 1680 1814 1755 1732 1509 1985 1971 1642 1015 1797 1158 1177 1578 1604 1146 1389 1279 1145 1811 1953 1766 1983 1269 1507 1340 1150 1255 1861 1221 1675 1469 1194 1267 1782 1217 BCNSPRNW ULIB Ver.6.0+V

เปลี่ยนเป็นภาษาไทย

Change to English
 แสดงรายละเอียดบรรณานุกรม
  กลับหน้าหลัก

Brief Record : Get Marc (ISO 2709) : E-mail record : QR code < ปิดหน้าต่าง
LEADER : 00000nam 2200000uu 4500
001    13399126433
003     ULIB
008    180916s2561||||th 000 0 tha d
020    ^a9786160831470
050    ^aT006.6^bฉ433ส
100    ^aเฉลิมศักดิ์ บุตรวิเศษ
245    ^aสุดยอดเคล็ดลับอัพสกิล ILLUSTRATOR
250    ^aพิมพ์ครั้งที่ 1
260    ^aกรุงเทพฯ :^bซีเอ็ดยูเคชั่น,^c2561
300    ^a224 หน้า;^b19 ซม.
650    ^aอโดบีอิลลัสเตรเตอร์
650    ^aคอมพิวเตอร์กราฟฟิค
945    ^p230^l0^i26635
999    ^aกัณชพร จุลอักษร
รายการนี้ยังไม่มีแท็ก
คุณยังไม่ได้ล็อกอิน คุณสามารถมีกิจกรรมร่วมกับเว็บไซต์ได้ แต่ต้องล็อกอินก่อน ::
  ล็อกอิน

รายการสื่อสารสนเทศ

ลำดับที่ ประเภท เลขเรียก/บาร์โค้ด สถานที่ สถานะ
1. วิทยาศาสตร์การแพทย์ และสุขภาพ
วิทยาศาสตร์การแพทย์ และสุขภาพ
T006.6 ฉ433ส ฉ.1 
  Barcode: 26635
ห้องสมุดวิทยาเขตนครสวรรค์
►หนังสือทั่วไป:l:General Books
บนชั้น

รายการใกล้เคียง
    ชื่อเรื่อง [สุดยอดเคล็ดลับอัพสกิล ILLUSTRATOR]

    ผู้แต่ง [เฉลิมศักดิ์ บุตรวิเศษ]

    หัวเรื่อง [อโดบีอิลลัสเตรเตอร์]
    หัวเรื่อง [คอมพิวเตอร์กราฟฟิค]

BibComment


ยังไม่เคยถูกคอมเมนท์

คอมเมนท์ทรัพยากรรายการนี้
  คอมเมนท์: สุดยอดเคล็ดลับอั..


 Copyright 2026. Bcnsprnw @Library